Responses for Show #5084 - Thursday, October 19, 2006

Contestants

[<< previous game]

Elesha Coffman, a graduate student from Durham, North Carolina

Andy Reese, a records coordinator from San Diego, California

Joe Leibrandt, a marketing director from Costa Mesa, California (whose 2-day cash winnings total $51,402)

[next game >>]

Jeopardy! Round responses

NOTED EUROPEANS
AT THE MOVIES
THE HIGHEST-SCORING SCRABBLE WORD
AMERICAN COUNTIES
SATURDAY
"NIGHT"
    $200 26
(Friedrich) Bayer

Joe
    $200 21
Raging Bull

Andy
    $200 16
(Joe: What is limbo?)

heaven

JoeAndy
    $200 3
Utah

Andy
    $200 1
(Norman) Rockwell

Joe
    $200 11
a nightcap

Elesha
    $400 27
Lafayette

Andy
    $400 22
Cool Hand Luke

Joe
    $400 17
knight

Joe
    $400 4
Michigan

Elesha
    $400 2
Times Square

Andy
    $400 12
a nightingale

Joe
    $600 28
Lech Wałęsa

Elesha
    $600 23
Whale Rider

Andy
    $600 18
(Andy: What is pappy?)
(Elesha: What is snappy?)
...
(Alex: You are so knowledgable when it comes to Scrabble, way to go!)

happy

JoeAndyElesha
    $400 5
Orange (County)

Elesha
    $600 8
the Kentucky Derby

Elesha
    $600 13
nightshades

Joe
    $800 29
Verdi

Andy
    $800 24
Close Encounters of the Third Kind

Joe
    $800 19
(Joe: What is quilt?)
(Andy: What is wax?)
...
(Alex: Good, you got it back!)

cozy

JoeAndyElesha
    $800 6
Virginia

Andy
    $800 9
The Jerusalem Post

Joe
    $800 14
(Andy: What is Twelfth Night?)
(Alex: Nope.)

A Midsummer Night's Dream

JoeAndy
    $1000 30
Louis XIV

Andy
    $1000 25
The Sisterhood of the Traveling Pants

Elesha
    $1000 20
fad

Andy
    $1000 7
Washington

Elesha
    $1000 10
(Alex: And her well known nickname is "Bubbles" and you know her better as [*].)

Beverly Sills

Triple Stumper
    $1000 15
"Land of the Midnight Sun"

Elesha

Scores at the first commercial break (after clue 15):

Joe Andy Elesha
$2,800 $600 $3,600

Scores at the end of the Jeopardy! Round:

Joe Andy Elesha
$4,200 $3,400 $5,400

Double Jeopardy! Round responses

SHIPS
THE MUSICAL DR. IS IN
LITERARY CROSSWORD CLUES "L"
14:59
(Alex: People whose fifteen minutes of fame is running out!)
RELIGION
FROM THE FRENCH
    $400 21
the Lusitania

Andy
    $400 11
Dr. Dre

Joe
    $400 1
Lorna

Joe
    $400 16
Linda Tripp

Elesha
    $400 6
wine

Joe
    $400 26
crochet

Andy
    $800 22
Edward Teach (Blackbeard)

Andy
    $800 12
"Bad Case Of Loving You"

Joe
    $800 2
London

Elesha
    $800 17
Jessica Hahn

Joe
    $800 7
Buddhism

Andy
    $800 27
cuisine

Elesha
    $1200 23
Maine

Andy
    $1200 13
Jackson Browne

Joe
    $1200 3
lay

Elesha
    $1200 18
William Hung

Joe
    $1200 8
the Baptists

Joe
    $1200 28
souvenir

Elesha
    $1600 24
(Andy: Who was John Paul Jones?)

James Lawrence

Andy
Triple Stumper
    $1600 14
Dr. John

Joe
    $1600 4
Lowell

Elesha
    $3,000 19
(Joe: Who is Baker?)

Harriet Miers

Joe
    $3,000 9
St. Thomas Aquinas

Joe
    $1600 29
(Andy: What is beige?)
...
(Alex: Raw vegetables are cru, and the color is [*].)

ecru

Andy
Triple Stumper
    $2000 25
(Joe: What is the Andrea Doria?)
...
(Alex: The Andrea Doria collided with the Stockholm.)

Achille Lauro

Joe
Triple Stumper
    $2000 15
(Alex: Hey, you know your music, well done.)
[Applause for Joe's run of the category]
(Alex: Or you know your musical doctors.)

The Thompson Twins

Joe
    $2000 5
Lewis

Triple Stumper
    $2000 20
(Evan) Marriott

Joe
    $2000 10
India

Joe
    $2000 30
engage

Triple Stumper

Scores at the end of the Double Jeopardy! Round:

Joe Andy Elesha
$16,200 $3,800 $11,400

[wagering suggestions for these scores]

Final Jeopardy! Round responses

FAMOUS NAMES
(Alex: This man founded a famous detective agency.)
AndyWho was Brady?
$1,000
EleshaWho is Polaroid?
$5,000
JoeWho is Wells Fargo?
$6,601
Allan Pinkerton

Final scores:

Joe Andy Elesha
$9,599 $2,800 $6,400
3-day champion: $61,001 3rd place: $1,000 2nd place: $2,000

Game dynamics:

Coryat scores:

Joe Andy Elesha
$17,800 $3,800 $11,600
23 R
(including 1 DD),
4 W
(including 1 DD)
15 R,
5 W
15 R
(including 1 DD),
1 W

Combined Coryat: $33,200

[game clues] [game scores] [suggest correction]

Game tape date: 2006-08-31
The J! Archive is created by fans, for fans. Scraping, republication, monetization, and malicious use prohibited; this site may use cookies and collect identifying information. See terms. The Jeopardy! game show and all elements thereof, including but not limited to copyright and trademark thereto, are the property of Jeopardy Productions, Inc. and are protected under law. This website is not affiliated with, sponsored by, or operated by Jeopardy Productions, Inc. Join the discussion at JBoard.tv.